书目信息 |
| 书名: | Elementary statistics | |
| 作者: | Mario F. Triola. | |
| 分册号: | ||
| 分册名: | 出版地: | Reading, Mass. : |
|
| 出版社: | Addison-Wesley | |
| 出版时间: | c1998. | |
| 页数: | xxx, 791 p. : | |
| 开本: | 24 cm. | |
| 丛书名: | ||
| 中图分类号: | ||
| 科图分类号: | ||
| 其他分类号: | C8 | |
| 主题词: | ||
| 电子资源: | ||
| 000 | 00996pam a2200277 a 450 | |
| 001 | E0735999680 | |
| 005 | 20070426100142.35 | |
| 008 | 970416s1998 maua b 001 0 eng | |
| 010 | @a97014499 | |
| 020 | @a0201859203 (hardcover). | |
| 035 | @A(DLC) 97014499 | |
| 040 | @aDLC@cDLC@dDLC | |
| 050 | 00 | @aQA276.12@b.T76 1998 |
| 082 | 00 | @a519.5@2 21 |
| 090 | @aC8 | |
| 099 | @dC8@ex62=7 | |
| 100 | 1 | @aTriola, Mario F. |
| 245 | 10 | @aElementary statistics / @cMario F. Triola. |
| 250 | @a7th ed. | |
| 260 | @aReading, Mass. :@bAddison-Wesley,@cc1998. | |
| 300 | @axxx, 791 p. :@bill. (some col.) ;@c24 cm. | |
| 504 | @aIncludes bibliographical references (p. 759) and index. | |
| 650 | 0 | @aStatistics. |
| 906 | @a7@bcbc@corignew@d1@eocip@f19@gy-gencatlg | |
| 955 | @apc05 to sa00 04-16-97; sc15 04-17-97; sc17 04-18-97 to ASCD; jf11 to Phys. I 04-23-97; jd99 (subj) 04-23-97; jd85 04-28-97; CIP ver. pv08 09-12-97 | |
| 991 | @bc-GenColl@hQA276.12@i.T76 1998@p00016334777@tCopy 1@wBOOKS | |
| Elementary statistics / / Mario F. Triola.-7th ed.-Reading, Mass. : : Addison-Wesley, , c1998. |
| xxx, 791 p. : : ill. (some col.) ; ; 24 cm. |
| Includes bibliographical references (p. 759) and index. |
| ISBN 0201859203 (hardcover). |
| ● |
| 相关链接 |
|
|
|
|
正题名:Elementary statistics
索取号:C8/x62=7
 
预约/预借
| 序号 | 登录号 | 条形码 | 馆藏地/架位号 | 状态 | 备注 |
| 1 | 5408 | 300054081 | 第二样本阅览室/ [索取号:C8/x62=7] | 在馆 | |
| 2 | 5409 | 300054090 | 第四借阅区/ [索取号:C8/x62=7] | 在馆 | |
| 3 | 5410 | 300054107 | 第四借阅区/ [索取号:C8/x62=7] | 在馆 | |
| 4 | 5411 | 300054116 | 密集书库/ [索取号:C8/x62=7] | 在馆 | |
| 5 | 5412 | 300054125 | 密集书库/ [索取号:C8/x62=7] | 在馆 |